| 000 | 01201cam a2200325 a 4500 | ||
|---|---|---|---|
| 999 |
_c535534 _d535534 |
||
| 001 | 15398049 | ||
| 003 | NUST | ||
| 005 | 20200916125856.0 | ||
| 008 | 080805s2010 iaua 001 0 eng | ||
| 010 | _a 2008034667 | ||
| 020 | _a9780073404530 (hard copy : alk. paper) | ||
| 020 | _a0073404535 (hard copy : alk. paper) | ||
| 038 | _aMSOHAIL | ||
| 040 |
_aDLC _cDLC _dDLC |
||
| 050 | 0 | 0 |
_aQC21.3 _b.G537 2010 |
| 082 | 0 | 0 |
_a530 _222 _bGIA |
| 100 | 1 |
_aGiambattista, Alan. _930137 |
|
| 245 | 1 | 0 |
_aPhysics / _cAlan Giambattista, Betty McCarthy Richardson, Robert C. Richardson. |
| 250 | _a2nd ed. | ||
| 260 |
_aDubuque, IA : _bMcGraw-Hill, _c2010. |
||
| 300 |
_axxxii, 1120 p. : _bcol. ill. ; _c28 cm. |
||
| 500 | _aIncludes index and appendices. | ||
| 650 | 0 |
_aPhysics _vTextbooks. _97193 |
|
| 700 | 1 |
_aRichardson, Betty McCarthy. _930138 |
|
| 700 | 1 |
_aRichardson, Robert C. _930139 |
|
| 856 | 4 | 1 |
_3Table of contents only _uhttp://www.loc.gov/catdir/toc/ecip0825/2008034667.html |
| 906 |
_a7 _bcbc _corignew _d1 _eecip _f20 _gy-gencatlg |
||
| 942 |
_2ddc _cBK |
||